For the Kids Quiz Stats

 Plays Quiz Updated Apr 2, 2020

     
Support Sporcle.
Go Orange.
Score 0/16 Timer 04:00
0 Plays Today
Hint Answer % Correct
One of Pamela Anderson's ex-husbandsKid Rock
94.2%
Butch Cassidy's partner in crimeSundance Kid
77.6%
Jordan & Jonathan Knight, Joey McIntyre, Donnie Wahlberg, and Danny WoodNew Kids on the Block
74.4%
Best Actress Academy Award winner for The HoursNicole Kidman
66.3%
Ralph Macchio's greatest roleKarate Kid
53.2%
NBA point guard who retired second all-time in assistsJason Kidd
52.2%
William H. Bonney's better known aliasBilly the Kid
43.4%
Canadian sketch comedy groupKids in the Hall
32.3%
Hint Answer % Correct
Christopher Reid and Christopher Martin the 80's hip-hop and comedy duoKid 'n Play
24.7%
Radiohead albumKid A
24.6%
Robert Rodriguez directed family friendly moviesSpy Kids
18.3%
Played Lois Lane in the Superman movies of the 1970s and 1980'sMargot Kidder
15.7%
Rockumentary film about the English rock band The WhoThe Kids Are Alright
12.5%
Robert Louis Stevenson novelKidnapped
12.2%
80's Heavy Metal BandSkid Row
11.8%
Cancelled child reality showKid Nation
11.3%

From the Vault

I Beat Tom Brady!

by smogmayor

Sports 45s
Despite last night's results, we can assure you this HAS happened.
Remove Ads.
Support Sporcle.
Get the best of Sporcle when you Go Orange. This ad-free experience offers more features, more stats, and more fun while also helping to support Sporcle. Thank you for becoming a member.

Show Comments

Extras

Top Quizzes Today


Score Distribution

Your Account Isn't Verified!

In order to create a playlist on Sporcle, you need to verify the email address you used during registration. Go to your Sporcle Settings to finish the process.

Report this User

Report this user for behavior that violates our Community Guidelines.

Details: